| 000 | 01280cam a2200337 a 4500 | ||
|---|---|---|---|
| 001 | BK0009194373 | ||
| 003 | AU | ||
| 005 | 20250619161813.0 | ||
| 008 | 010829s2001 nyu 000 1 eng d | ||
| 010 | _abl2001008940 | ||
| 020 |
_a9780451458445 : PAP _c$9.99 |
||
| 020 |
_a0451458443 : PAP _c$9.99 |
||
| 037 |
_bPenguin Group USA, Attn: Order Processing 405 Murray Hill Pkwy, East Rutherford, NJ, USA, 07073-2136 _nSAN 282-5074 |
||
| 040 |
_aNjBwBT _cNjBwBT _dNjBwBT _erda |
||
| 050 | 1 | 4 |
_aPS3602.U85 _bG73 2001 |
| 082 | 0 | 4 |
_a813/.54 _221 |
| 092 | _a813.5400 | ||
| 092 |
_afiction _bButcher, Jim |
||
| 100 | 1 |
_aButcher, Jim, _d1971- _955678 |
|
| 245 | 1 | 0 |
_aGrave peril / (Dresden Files Book 3) _cJim Butcher. |
| 260 |
_aNew York, N.Y., U.S.A. : _bRoc, _cc2001. |
||
| 264 |
_aNew York, N.Y., U.S.A. : _bRoc, _cc2001. |
||
| 300 |
_a378 p. ; _c18 cm. |
||
| 336 | _atext | ||
| 337 | _aunmediated | ||
| 338 | _avolume | ||
| 440 |
_aDresden Files : _v Book 3. _96364436 |
||
| 490 |
_aDresden Files _v3 |
||
| 520 | _aAfter Chicago's ghost population starts going seriously postal, resident wizard Harry Dresden much figure out who is stirring them up and why they all seem to be somehow connected to him. | ||
| 942 |
_cBOOK _2ddc |
||
| 999 |
_c127579 _d127579 |
||